01068cam a2200265 a 4500001000400000003001000004005001700014008004100031020001800072040002500090080002200115090003100137100004000168245021600208250001100424260003800435300002000473504002500493650005500518650003600573650003400609942001200643952013400655999001300789154BR-CuiBMT20231120024515.0230821s2020 mgb 000 0 por d a9788545007340 aBR-CuiBMTcBR-CuiBMT 22007a351.9:614.2 a351.9:614.2bD812pc2. ed.1 aDuarte, Luciana Gaspar Melquíades10aPossibilidades e limites do controle judicial das políticas públicas de saúde :bum contributo para a dogmática do direito à saúde /cLuciana Gaspar Melquíades Duarte ; prefácio Cláudia Toledo. a2. ed. aBelo Horizonte :bFórum,c2020. a410 p. ;c21 cm aInclui bibliografia. aPolíticas públicas xControle JudicialzBrasil aDireito socialxSaúdezBrasil aDireitos fundamentaiszBrasil 2udccLV 00102udc4070aBIBTCEMTbBIBTCEMTd2023-06-28l0o351.9:614.2 D812p 2. ed.pBIBTCEMT23080131r2023-08-21tEx. 1w2023-08-21yLV c154d154